Odd and the Frost Giants (Record no. 533531)

000 -LEADER
fixed length control field 00201nam a22000977a 4500
040 ## - CATALOGING SOURCE
Transcribing agency dlc
082 ## - DEWEY DECIMAL CLASSIFICATION NUMBER
Classification number 823.914
100 ## - MAIN ENTRY--PERSONAL NAME
Personal name Neil Gaima
9 (RLIN) 27474
245 ## - TITLE STATEMENT
Title Odd and the Frost Giants
942 ## - ADDED ENTRY ELEMENTS (KOHA)
Source of classification or shelving scheme
Koha item type Book
Holdings
Withdrawn status Lost status Source of classification or shelving scheme Damaged status Not for loan Permanent Location Current Location Date acquired Total Checkouts Total Renewals Full call number Barcode Date last seen Date last checked out Price effective from Koha item type
          School of Civil and Environmental Engineering (SCEE) School of Civil and Environmental Engineering (SCEE) 01/10/2020 1 1 823.914 NIT-9141 05/27/2024 04/03/2024 01/10/2020 Book
© 2023 Central Library, National University of Sciences and Technology. All Rights Reserved.